Дело о приходо-расходных книгах учреждений Министерства народного просвещения, подлежащих скрепе и засвидетельствованию контроль...

Доступно только в Электронных читальных залах Найти на картеНа карте
RUSMARC
00003581nmc2a22002413x 450
00145a80d32-3b76-4dd1-babd-e711e5fa260f
00520230427064327.0
100##$a20221108l18751877k l0rusy0189 ca
1010#$arus
102##$aRU
105##$ay###
1222#$ad
2001#$aДело о приходо-расходных книгах учреждений Министерства народного просвещения, подлежащих скрепе и засвидетельствованию контрольных учреждений
$j25 января 1875 г. - 28 июня 1877 г.
215##$a143 л.
$d36,5х26 см
251##$cДело
300##$aДело
371##$aДокумент не является опубликованным и широко распространяемым
461#0$1001a74412a3-3cc5-4d21-8f0a-dfe2fbd9e72d
$12001
$aДепартамент народного просвещения Министерства народного просвещения (1803-1917)
$1251
$cФонд
$1852
$j733
462#0$100168ef73bb-909a-4bc7-ae4f-3def6f15d095
$12001
$aСчетный разряд. Сметный стол
$1251
$cОпись
$1852
$j214
801#0$aRU
$bРГИА
$c20221108
$gRCR
801#1$aRU
$bГлавНИВЦ
$c20221108
$2rusmarc
801#2$aRU
$bПБ им. Б.Н. Ельцина
$c20230427
$gRCR
$2rusmarc
850##$aРГИА
852##$aРГИА
$eФедеральное казенное учреждение "Российский государственный исторический архив" (РГИА)
$j50
937##$hРГИА
$d12393968
$aASBIBLIO_SCAN
035##$aRusGRCC00055902
856##$uhttp://readingroom.main.prlib.ru/item.aspx?id_node=n184912071&mode=full
Формат отображения